000
00314 a2200157 4500
001
58257
020
_a
8598559075
040
_c
Anchieta - Pituba
100
_a
Alencar, José de
240
1
0
_a
Iracema
_l
por
245
1
0
_a
Iracema
300
_a
143
362
0
_a
0
650
4
_a
Ficção brasileira
942
_c
BK
999
_c
58257
_d
58257